Handbook for Bible teachers and preachers: (Record no. 643)

000 -LEADER
fixed length control field 00642nam a2200181 a 4500
001 - CONTROL NUMBER
control field :::00013799$&:&@@
003 - CONTROL NUMBER IDENTIFIER
control field OkBaRHE
005 - DATE AND TIME OF LATEST TRANSACTION
control field 20100324135109.0
008 - FIXED-LENGTH DATA ELEMENTS--GENERAL INFORMATION
fixed length control field s1986 j 000 0 eng u
040 ## - CATALOGING SOURCE
Transcribing agency
100 1# - MAIN ENTRY--PERSONAL NAME
Personal name Morgan, G. Campbell, 1863-1945.
245 10 - TITLE STATEMENT
Title Handbook for Bible teachers and preachers:
Remainder of title applications to life from every book of the Bible.
260 ## - PUBLICATION, DISTRIBUTION, ETC. (IMPRINT)
Place of publication, distribution, etc Grand Rapids, MI., :
Name of publisher, distributor, etc Baker Book House
Date of publication, distribution, etc 1986
300 ## - PHYSICAL DESCRIPTION
Extent 301 p. ;
Dimensions 23 cm.
650 ## - SUBJECT ADDED ENTRY--TOPICAL TERM
Topical term or geographic name as entry element Bible
General subdivision Criticism, Interpretation, etc.
942 ## - ADDED ENTRY ELEMENTS (KOHA)
Source of classification or shelving scheme
Koha item type Books
Copies
Shelving location Withdrawn status Date acquired Price effective from Lost status Source of classification or shelving scheme Full call number Koha item type Barcode Not for loan Date last seen Collection code Damaged status Permanent Location Copy number
General Stacks 2010-04-142010-04-14  BS 511 .M53Books13799 2010-04-14Reference RHEMA Bible Training College1